Defective premises (Record no. 107471)
[ view plain ]
| 000 -LEADER | |
|---|---|
| fixed length control field | 01257cam a22003015a 4500 |
| 001 - CONTROL NUMBER | |
| control field | L140282 |
| 008 - FIXED-LENGTH DATA ELEMENTS--GENERAL INFORMATION | |
| fixed length control field | 090112s2009 xxk f 001 0 eng d |
| 020 ## - INTERNATIONAL STANDARD BOOK NUMBER | |
| International Standard Book Number | 9781847031266 |
| 035 ## - SYSTEM CONTROL NUMBER | |
| System control number | (Sirsi) u140282 |
| 041 0# - LANGUAGE CODE | |
| Language code of text/sound track or separate title | eng |
| 050 04 - LIBRARY OF CONGRESS CALL NUMBER | |
| Classification number | 346.41032 $2 18 |
| 100 1# - MAIN ENTRY--PERSONAL NAME | |
| Personal name | Hanbury, William |
| 245 00 - TITLE STATEMENT | |
| Title | Defective premises |
| Remainder of title | law and practice |
| 260 ## - PUBLICATION, DISTRIBUTION, ETC. | |
| Place of publication, distribution, etc. | London |
| Name of publisher, distributor, etc. | Sweet & Maxwell |
| Date of publication, distribution, etc. | 2009 |
| 300 ## - PHYSICAL DESCRIPTION | |
| Extent | lvii, 362p. |
| Dimensions | 22cm. |
| 350 ## - PRICE (NR) (BK AM CF MU VM SE) [OBSOLETE] | |
| Price | 89 |
| 490 #0 - SERIES STATEMENT | |
| Series statement | Sweet and Maxwell Practitioner Series |
| 505 2# - FORMATTED CONTENTS NOTE | |
| Formatted contents note | Contractual liability-- Non-contractual liability -- Remedies -- Practice and procedure -- Appendices |
| 520 ## - SUMMARY, ETC. | |
| Summary, etc. | Looks at all aspects of defective premises, including relevant legislation, liability, and the procedural stages. Applicable to both residential and business premises, the book covers the Defective Premises Act 1972, and Occupiers' Liability Acts 1957 and 1984, multiple occupation, as well as gas and other health and safety regulations and human rights law. |
| 521 ## - TARGET AUDIENCE NOTE | |
| Target audience note | Advanced |
| 590 ## - LOCAL NOTE (RLIN) | |
| Local note | KA |
| 650 24 - SUBJECT ADDED ENTRY--TOPICAL TERM | |
| Topical term or geographic name entry element | DEFECTIVE PREMISES ACT 1972 |
| 650 24 - SUBJECT ADDED ENTRY--TOPICAL TERM | |
| Topical term or geographic name entry element | OCCUPIERS LIABILITY ACT 1957 |
| 650 24 - SUBJECT ADDED ENTRY--TOPICAL TERM | |
| Topical term or geographic name entry element | OCCUPIERS LIABILITY ACT 1984 |
| 651 #4 - SUBJECT ADDED ENTRY--GEOGRAPHIC NAME | |
| Geographic name | England and Wales |
| Chronological subdivision | 1543- |
| 690 ## - LOCAL SUBJECT ADDED ENTRY--TOPICAL TERM (OCLC, RLIN) | |
| Topical term or geographic name as entry element | Landlord and tenant |
| 9 (RLIN) | 6252 |
| 942 ## - ADDED ENTRY ELEMENTS (KOHA) | |
| Suppress in OPAC | 0 |
| Withdrawn status | Lost status | Source of classification or shelving scheme | Damaged status | Not for loan | Home library | Current library | Shelving location | Date acquired | Cost, normal purchase price | Total Checkouts | Full call number | Barcode | Date last seen | Date last checked out | Copy number | Cost, replacement price | Price effective from | Koha item type |
|---|---|---|---|---|---|---|---|---|---|---|---|---|---|---|---|---|---|---|
| Dewey Decimal Classification | London | London | Books | 08/01/2009 | 175.00 | 2 | 346.41032 HAN | 30076437 | 06/08/2019 | 08/06/2010 | 1 | 175.00 | 06/08/2019 | Book |